000 01254nam a2200289 a 4500
999 _c332409
_d332409
001 4854387
003 NUST
005 20171204101315.0
008 910628s1991 dcua b 100 0 eng
010 _a 91062492
020 _a0309045789
040 _aDLC
_cDLC
043 _an-us---
050 0 0 _aS541
_b.S87 1991
082 _a632.6 NRC
245 0 0 _aSustainable agriculture research and education in the field :
_ba proceedings /
_cBoard on Agriculture, National Research Council.
260 _aWashington, D.C. :
_bNational Academy Press,
_c1991.
300 _aix, 437 p. :
_bill. ;
_c23 cm.
500 _aPapers based on a workshop held in Washington, D.C., Apr. 3-4, 1990.
501 _aP.B
504 _aIncludes bibliographical references.
650 0 _aSustainable agriculture
_xResearch
_zUnited States
_xCongresses.
_96898
650 0 _aSustainable agriculture
_xStudy and teaching
_zUnited States
_xCongresses.
_96899
650 0 _aSustainable agriculture
_zUnited States
_xCongresses.
_96900
710 2 _aNational Research Council (U.S.).
_bBoard on Agriculture.
_96901
906 _a7
_bcbc
_corignew
_d2
_eopcn
_f19
_gy-gencatlg
942 _2ddc
_cBK
_kIESE